The survey of veterinary market at keansvay district kandal province, ការអង្កេតទៅលើទីផ្សារបសុឱសថ នៅស្រុកគៀនស្វាយ ខេត្តកណ្ដាល (Record no. 2683)
[ view plain ]
| 000 -LEADER | |
|---|---|
| fixed length control field | 00593nam a22001577a 4500 |
| 003 - CONTROL NUMBER IDENTIFIER | |
| control field | OSt |
| 005 - DATE AND TIME OF LATEST TRANSACTION | |
| control field | 20151025141342.0 |
| 008 - FIXED-LENGTH DATA ELEMENTS--GENERAL INFORMATION | |
| fixed length control field | 151025b xxu||||| |||| 00| 0 eng d |
| 040 ## - CATALOGING SOURCE | |
| Transcribing agency | RUA |
| 082 ## - DEWEY DECIMAL CLASSIFICATION NUMBER | |
| Classification number | AVM SOK 2013 B109 Or.1 |
| 100 ## - MAIN ENTRY--PERSONAL NAME | |
| 9 (RLIN) | 2865 |
| Personal name | SOK, LYKHENG. |
| 245 ## - TITLE STATEMENT | |
| Title | The survey of veterinary market at keansvay district kandal province, ការអង្កេតទៅលើទីផ្សារបសុឱសថ នៅស្រុកគៀនស្វាយ ខេត្តកណ្ដាល |
| 260 ## - PUBLICATION, DISTRIBUTION, ETC. (IMPRINT) | |
| Place of publication, distribution, etc. | Phnom Penh |
| Name of publisher, distributor, etc. | RUA |
| Date of publication, distribution, etc. | 2013 |
| 300 ## - PHYSICAL DESCRIPTION | |
| Extent | ix; 43p. |
| Other physical details | ill. |
| Dimensions | 29cm. |
| 942 ## - ADDED ENTRY ELEMENTS (KOHA) | |
| Source of classification or shelving scheme | |
| Koha item type | AVM |
| Price effective from | Date last seen | Permanent Location | Not for loan | Date acquired | Source of classification or shelving scheme | Koha item type | Barcode | Lost status | Damaged status | Shelving location | Withdrawn status | Current Location | Full call number |
|---|---|---|---|---|---|---|---|---|---|---|---|---|---|
| 2015-10-25 | 2015-10-25 | Library Block B | 2015-10-25 | AVM | RUA018163 | B109 | Library Block B | AVM SOK 2013 B109 Or.1 | |||||
| 2015-10-25 | 2015-10-25 | Library Block B | 2015-10-25 | AVM | RUA018235 | B109 | Library Block B | AVM SOK 2013 B109 Or.2 | |||||
| 2015-10-25 | 2015-10-25 | Library Block B | 2015-10-25 | AVM | RUA009796 | B109 | Library Block B | AVM SOK 2013 B109 Or.3 | |||||
| 2015-10-25 | 2015-10-25 | Library Block B | 2015-10-25 | AVM | RUA009655 | B109 | Library Block B | AVM SOK 2013 B109 Or.4 | |||||
| 2015-10-25 | 2015-10-25 | Library Block B | 2015-10-25 | AVM | RUA009727 | B109 | Library Block B | AVM SOK 2013 B109 Or.5 | |||||
| 2015-10-25 | 2015-10-25 | Library Block B | 2015-10-25 | AVM | RUA009799 | B109 | Library Block B | AVM SOK 2013 B109 Or.6 | |||||
| 2015-10-25 | 2015-10-25 | Library Block B | 2015-10-25 | AVM | RUA009649 | B109 | Library Block B | AVM SOK 2013 B109 Or.7 | |||||
| 2015-10-25 | 2015-10-25 | Library Block B | 2015-10-25 | AVM | RUA009721 | B109 | Library Block B | AVM SOK 2013 B109 Or.8 | |||||
| 2019-06-29 | 2019-06-29 | Library Block B | 2019-06-29 | AVM | A35806 | B1.238 | Library Block B | AVM SOK 2013 B1.238 Or.1 | |||||
| 2019-06-29 | 2019-06-29 | Library Block B | 2019-06-29 | AVM | A35688 | B1.238 | Library Block B | AVM SOK 2013 B1.238 Or.1 |